| 000 | 01319nam a2200313 a 4500 | ||
|---|---|---|---|
| 003 | DO-SdBNP | ||
| 005 | 20240313092933.0 | ||
| 007 | ta | ||
| 008 | 220608e2021 dr ao||gr|||| 001 0cspa d | ||
| 020 | _a9789945015379 (tapa blanda) | ||
| 020 | _a9789945015362 (tapa dura) | ||
| 040 |
_aDO-SdBNP _bspa _cBNPHU |
||
| 082 | 4 |
_222 _bS697q |
|
| 245 |
_aSomos quien somos: _bhistorias de vida de personas dominicanas de ascendencia haitiana. / _cEditores, Farah Hallal, Ana Belique; Fotografías, Juan Carlos González Díaz, Pedro Genaro Rodríguez, Michele Stephenson |
||
| 260 |
_a[Santo Domingo] : _bACNUR, _c2021 |
||
| 300 |
_a80 p. : _bil., fotogr. _c28 cm. |
||
| 500 | _aIncluye bibliografía y notas al pié de páginas. | ||
| 590 | _aInvnetariado 2022 / MF | ||
| 650 | 4 |
_92232 _aHaitianos en República Dominicana _xBiografías |
|
| 650 | 4 |
_981704 _aHaitianos en República Dominicana _xCondiciones sociales |
|
| 700 | 1 |
_aBeliquel, Ana _eed. _981816 |
|
| 700 | 1 |
_972941 _aGonzález Díaz, Juan Carlos _eil. |
|
| 700 | 1 |
_aRodríguez, Pedro Genaro _eil. _981817 |
|
| 700 | 1 |
_aStephenson, Michele _eil. _981818 |
|
| 710 | 2 |
_aOficina de Alto Comisionado de las Naciones Unidas _981819 |
|
| 710 | 2 |
_aFondo de Naciones Unidas para Actividades en Materia de Población _952170 |
|
| 910 | _aMFeliz | ||
| 942 |
_2ddc _cLBS1 |
||
| 999 |
_c51975 _d51975 |
||